000 00707nam a2200229 4500
003 OSt
005 20240730053943.0
006 a
008 240730b |||||||| |||| 00| 0 eng d
020 _a978435488243
040 _aDWCL-Main lib.
_cOC
082 _2Third edition
_aCirc. 660.283 T455p 2011
100 _aThomas, Charles E.
245 _aProcess technology : equipment and systems /
250 _aThird edition
260 _aUSA :
_bDelmar, Cengage Learning,
_cc2011.
300 _axvi,
_b475 p. : ill. ;
_c28 cm.
504 _aIncludes index.
650 _a1. Chemical processes-Equipment and supplies.
650 _a2. Chemical processes.
942 _2ddc
_n0
_cBK-CIRC
_eThird edition
_kCirc.
999 _c2959
_d2959